000 00459nam a2200145 i 4500
001 54844
003 ES-MaACL
005 20230906163031.0
007 t|
008 040116s1898 ag ||||1| spa d
100 1 _aGallardo, Angel.
_953477
245 1 0 _aAlgunos casos de teratología vegetal
_b: fasciación, proliferación y sinantia /
_cAngel Gallardo.
260 _aBuenos Aires :
_b[s.n.],
_c1898 (
_fImp. de Juan A. Alsina)
852 _aES-MaACL
_j1590-F-19
999 _c54844
_d54844